• 首页
  • 本馆介绍
  • 公告通知
  • 最新文献
  • 馆藏检索
  • 电子资源
  • 读者导购
  • 参考咨询
  • 我的图书馆
  • 登录
  • 详细信息显示
  • 放入我的书架
  • 预约/预借图书
  • 作者相关作品
  • 分类相关作品
  • 丛书相关作品
  • 出版社相关作品

书目信息

  • 表格格式
  • 工作单格式
  • 卡片格式
题名:
7天绝对快速瘦身餐
    
 
作者: 冰泠 , 陶磊 编著
分册:  
出版信息: 上海   上海世界图书出版公司  2003
页数: 91页
开本: 19×22cm
丛书名: 世图生活资讯库
单 册:
中图分类: R151.1 , TS972
科图分类:
主题词: 减肥--菜谱 , 减肥 , 菜谱 , 饮食业--供应技术
电子资源:
ISBN: 7-5062-5901-X
000 00805oam2 2200289 450
001 1567860917
005 20150130185150.79
010    @a7-5062-5901-X@dCNY20.00
100    @a20031024d2003 em y0chiy50 ea
101 0  @achi
102    @aCN@b310000
105    @aa z 000yy
200 1  @a7天绝对快速瘦身餐@97 tian jue dui kuai su shou shen can@f冰泠,陶磊编著
210    @a上海@c上海世界图书出版公司@d2003
215    @a91页@c彩图@d19×22cm
225 2  @a世图生活资讯库
461  0 @12001 @a世图生活资讯库
606 0  @a减肥@x菜谱
606 0  @a减肥
606 0  @a菜谱
606 0  @a饮食业@x供应技术
690    @aR151.1@v5
690    @aTS972@v4
701  0 @a冰泠@9bing ling@c(保健)@4编著
701  0 @a陶磊@9tao lei@c(保健)@4编著
801  0 @aCN@bTSSF@c20150130
905    @aZUCC@dTS972@eJY226
    
    7天绝对快速瘦身餐/冰泠,陶磊编著.-上海:上海世界图书出版公司,2003
    91页:彩图;19×22cm.-(世图生活资讯库)
    
    
    ISBN 7-5062-5901-X:CNY20.00
    
●
相关链接 在E读中查询图书 在五车中查询图书 在当当中查询图书 在豆瓣中查询图书


正题名:7天绝对快速瘦身餐     索取号:TS972/JY226         预约/预借

序号 登录号 条形码 馆藏地/架位号 状态 备注
1 7863055   278630554   学院路分馆/ [索取号:TS972/JY226] 在馆    
2 7863056   278630563   学院路分馆/ [索取号:TS972/JY226] 在馆    
3 7863058   278630581   学院路分馆/ [索取号:TS972/JY226] 在馆    
4 7863059   278630590   学院路分馆/ [索取号:TS972/JY226] 在馆    
唐山师范学院图书馆 欢迎您!
大连网信软件有限公司© 版权所有